000 01004nam a2200289 a 4500
999 _c426471
_d426471
003 BLK
005 20250802103234.0
008 180409b bul|||||r ||||||| ||bul||
010 _aKNG00133495000
020 _a9789542620389
040 _aBLK
041 _aBUL
_cBUL
080 _aБългарска литература
_b821.163.2
_x-32
_z821.163.2-32
080 _aБългарска литература
_b821.163.2
_x-4
_z821.163.2-4
100 _aБожинов, Георги Петров
_9320877
139 _aБожинов, Георги
_bБ 56
245 1 0 _aВдън гората Дикчам
_bРазкази и очерци
_cГеорги Божинов.
257 _aBGR
260 _bХермес
_c2021
_9209439
_aПловдив
_n978-954-26- ; 978-954-459-
300 _a190 с.
_c21 см
380 _aX
500 _a3 100 тир.
852 _aЦб 308738
942 _cKNG
_n0
_s1
_029
944 _aCR
_c2021-08-03
_lМартин Енчев
_k30575
999 _d426471